Get the Picture: Big 4 'C' All-Stars Quiz Stats

 Plays Quiz Updated Apr 20, 2019

Score 0/12 Timer 01:30
4 Plays Today
Question Answer Wrong Answers
Miguel Cabrera MLB
89.5%
NBA
2%
NFL
2.2%
NHL
2.7%
Roberto Clemente MLB
87.6%
NBA
2.7%
NFL
2.9%
NHL
3.1%
Vince Carter NBA
80.4%
MLB
6.3%
NFL
8.1%
NHL
2%
Sidney Crosby NHL
79.5%
MLB
7.1%
NBA
5.1%
NFL
4.7%
Zdeno Chára NHL
74.3%
MLB
13.3%
NBA
5.3%
NFL
3.3%
Bob Cousy NBA
73.5%
MLB
9.6%
NFL
6.4%
NHL
6.9%
Rod Carew MLB
73.3%
NBA
5.8%
NFL
8.7%
NHL
8.6%
Chris Chelios NHL
69.4%
MLB
14%
NBA
6.9%
NFL
6.1%
Derek Carr NFL
68.3%
MLB
10.2%
NBA
13%
NHL
4.8%
Dave Cowens NBA
61.5%
MLB
14.2%
NFL
11.7%
NHL
9%
Mark Clayton NFL
49.4%
MLB
21.8%
NBA
13.5%
NHL
11.4%
Dave Casper NFL
43.6%
MLB
21.9%
NBA
14.4%
NHL
16.1%

Today's Daily Dose

Missing Word
Celine Dion

Word Ladder
Dr. Seuss Books

Quick Pick
Cities in India

Get the Picture
'A' Actresses

You're not logged in!

Compare scores with friends on all Sporcle quizzes.
OR
Log In

Sporcle TV

Today on Sporcle TV


Watch our educational content, quiz creation guides, and fun videos on Sporcle TV.

Show Comments

Extras

Top Quizzes Today


Score Distribution

Your Account Isn't Verified!

In order to create a playlist on Sporcle, you need to verify the email address you used during registration. Go to your Sporcle Settings to finish the process.

Report this User

Report this user for behavior that violates our Community Guidelines.

Details: